Measurement and evaluation in psychology and education (Record no. 210838)
[ view plain ]
| 000 -CABECERA | |
|---|---|
| campo de control de longitud fija | 00874nam a22002657a 4500 |
| 003 - IDENTIFICADOR DEL NÚMERO DE CONTROL | |
| campo de control | UPN |
| 005 - FECHA Y HORA DE LA ÚLTIMA TRANSACCIÓN | |
| campo de control | 20240925063942.0 |
| 008 - ELEMENTOS DE LONGITUD FIJA--INFORMACIÓN GENERAL | |
| campo de control de longitud fija | 240125s1961 nyua|||| |||| 001 0 spa d |
| 040 ## - FUENTE DE LA CATALOGACIÓN | |
| Centro catalogador/agencia de origen | MX-MxUPN |
| Lengua de catalogación | spa |
| 041 ## - CÓDIGO DE IDIOMA | |
| Código de lengua del texto/banda sonora o título independiente | eng |
| 050 ## - SIGNATURA TOPOGRÁFICA DE LA BIBLIOTECA DEL CONGRESO | |
| Número de clasificación | LB1131 |
| Número de documento/Ítem | T467 1961 |
| 100 1# - ASIENTO PRINCIPAL--NOMBRE PERSONAL | |
| Nombre de persona | Thorndike, Robert L., |
| Fechas asociadas al nombre | 1910-1990 |
| Información miscelánea | (Robert Ladd) |
| 9 (RLIN) | 30518 |
| 100 1# - ASIENTO PRINCIPAL--NOMBRE PERSONAL | |
| Nombre de persona | Hagen, Elizabeth P., |
| Fechas asociadas al nombre | 1915-2008 |
| 9 (RLIN) | 30520 |
| 245 10 - MENCIÓN DE TÍTULO | |
| Título | Measurement and evaluation in psychology and education |
| 250 ## - MENCIÓN DE EDICIÓN | |
| Mención de edición | Second Edition |
| 260 ## - PUBLICACIÓN, DISTRIBUCIÓN, ETC. | |
| Lugar de publicación, distribución, etc. | New York : |
| Nombre del editor, distribuidor, etc. | John Wiley, |
| Fecha de publicación, distribución, etc. | ©1961. |
| 300 ## - DESCRIPCIÓN FÍSICA | |
| Extensión | vii, 602 páginas : |
| Otras características físicas | ilustraciones. |
| 504 ## - NOTA DE BIBLIOGRAFÍA, ETC. | |
| Nota de bibliografía, etc. | Incluye índice. |
| 650 #4 - ASIENTO SECUNDARIO DE MATERIA - TERMINO TEMATICO | |
| Término de materia o nombre geográfico como elemento de entrada | Mediciones y pruebas educativas |
| 9 (RLIN) | 4299 |
| 650 #4 - ASIENTO SECUNDARIO DE MATERIA - TERMINO TEMATICO | |
| 9 (RLIN) | 5197 |
| Término de materia o nombre geográfico como elemento de entrada | Psicología educativa |
| 775 0# - ENTRADA/ENLACE A OTRA EDICIÓN | |
| Título | Measurement and evaluation in psychology and education |
| 902 ## - ELEMENTOS DE DATOS B LOCAL, LDB (RLIN) | |
| Creó | GCH250124 |
| Modificó | MaríaRobles/080224 |
| 942 ## - ELEMENTOS DE PUNTO DE ACCESO ADICIONAL (KOHA) | |
| Fuente del sistema de clasificación o colocación | Library of Congress Classification |
| Tipo de ítem Koha | Libro |
| Suprimir en OPAC | No |
| Estado de retiro | Estado de pérdida | Fuente del sistema de clasificación o colocación | Estado dañado | No para préstamo | Código de colección | Localización permanente | Ubicación/localización actual | Ubicación en estantería | Fecha de adquisición | Clasificación | Código de barras | Fecha visto por última vez | Precio válido a partir de | Tipo de ítem Koha |
|---|---|---|---|---|---|---|---|---|---|---|---|---|---|---|
| Library of Congress Classification | Colección General | Bib. Gregorio Torres Quintero | Bib. Gregorio Torres Quintero | Planta baja | 25/01/2024 | LB1131 T467 1961 | 337809 | 25/01/2024 | 25/01/2024 | Libro |
